00358nam a2200145Ia 4500008004100000020001500041041000800056082001600064100001700080245003100097250000600128260004700134300000800181650002300189210716s2003 xx 000 0 und d a8178666677 aeng a658.83 MISM aMishra, M N. aModern marketing research. a1 aNew DelhibHimalaya Publishing Housec2003 a348 aMarketing Research